| 000 | 00493nam a2200169 a 4500 | ||
|---|---|---|---|
| 001 | 3173 | ||
| 005 | 20140414132035.0 | ||
| 008 | 060202s19uu xx 00 eng d | ||
| 020 | _a0-439-10987-6 | ||
| 050 |
_aTR _bEL1 1998 |
||
| 100 | _aGeorge, Jean Craighead | ||
| 245 |
_aElephant walk / _cJean Craighead George ; illustrated by Anna Vojtech. |
||
| 260 |
_aNew York : _bScholastic, _c1998. |
||
| 300 | _a1 v. p. ; cm. | ||
| 650 |
_aElephants _xFiction _xChildren stories. |
||
| 999 |
_c113709 _d113709 |
||